Yeni bir sol üzerine tartışmalar: (Record no. 13387)

MARC details
000 -BAŞLIK
Sabit Uzunlukta Kontrol Alanı 00892nam a2200253 a 4500
999 ## - SİSTEM KONTROL NUMARALARI (KOHA)
Koha Biblionumber 13387
Koha Biblioitemnumber 13387
003 - KONTROL NUMARASI IDENTIFIER
Denetim Alanı MIRAKIL
005 - SON İŞLEM TARİHİ VE ZAMANI
Denetim Alanı 20190705131943.0
008 - SABİT-BOY VERİ ELEMANLARI - GENEL BİLGİLER
Sabit Uzunlukta Kontrol Alanı
020 ## - ULUSLARARASI STANDART KİTAP NUMARASI
Uluslararası Standart Kitap Numarası 9789755390963
040 ## - KATALOGLAMA KAYNAK
Metne Dönüştürmek Ajansı TR-AnCHP
Orijinal Kataloglama Ajansı TR-AnCHP
082 ## - DEWEY ONLU SINIFLANDIRMA NUMARASI
Sınıflandırma Numarası 320.53
Ürün Numarası W25y 1995
100 1# - ANA GİRİŞ - KİŞİSEL İSİM
Kişisel Ad Wainwright, Hilary,
Bir Adıyla İlişkilendirilen Tarihler 1949-
245 10 - BAŞLIK TABLOSU
Başlık Yeni bir sol üzerine tartışmalar:
Başlığın Kalan serbest piyasacı sağa cevaplar/
Sorumluluk Tablosu, Vb Hilary Wainwright ; çeviren Ali Çakıroğlu.
260 ## - YAYIN, DAĞITIM, VB
Yayın, Dağıtım, Vb Yeri İstanbul :
Yayıncı, Dağıtıcı, Vs Adı Ayrıntı Yayınları,
Yayın, Dağıtım, Vb Tarihi 1995.
300 ## - FİZİKSEL TANIM
Kapsam 406 s. ;
Boyutlar 20 sm.
490 0# - SERİSİ TABLOSU
Seri Beyanı Ayrıntı :
-- İnceleme dizisi :
Hacim / Ardışık Tanımı 136
-- 70.
500 ## - GENEL NOT
Genel Not Yapıtın özgün adı: Argumonts for a new left answeringthe free-market right
504 ## - KAYNAKÇA VB NOT
Kaynakça Vb Notu Kaynakça vardır.
650 #0 - KONU KATMA GİRİŞ - TOPİKAL DÖNEM
Topikal Süreli Veya Coğrafi Ad Giriş Elemanı Siyaset Bilimi
9 (RLIN) 5084
650 #0 - KONU KATMA GİRİŞ - TOPİKAL DÖNEM
Topikal Süreli Veya Coğrafi Ad Giriş Elemanı siyasal ideolojiler
9 (RLIN) 792
650 #0 - KONU KATMA GİRİŞ - TOPİKAL DÖNEM
Topikal Süreli Veya Coğrafi Ad Giriş Elemanı Sosyalizm
9 (RLIN) 826
700 1# - KATMA GİRİŞ - KİŞİSEL İSİM
Kişisel Ad Çakıroğlu, Ali.
Relator Terim çev.
942 ## - EKLENDİ GİRİŞ ELEMANLARI (KOHA)
Sınıflandırma Veya Raf Düzeni Kaynak Dewey Decimal Classification
Koha Öğesi Türü Books
Holdings
Kalıcı Konum Mevcut Konum Edinme Tarihi Toplam Check-Out'Lar Tam Çağrı Numarası Barkod Tarih Son Görülme İtibaren Geçerli Fiyatlar Sigara Kamu Notu Koha Öğesi Türü
CHP Kütüphanesi CHP Kütüphanesi 07/05/2019   320.53 W25y 1995 019255 07/05/2019 07/05/2019 Ertuğrul Çepni bağışıdır. Books